[Event "Candidates qf4"]
[Site "London"]
[Date "1988.??.??"]
[Round "4"]
[White "Short, Nigel D"]
[Black "Speelman, Jonathan S"]
[Result "0-1"]
[WhiteElo "2665"]
[BlackElo "2645"]
[Annotator "Nunn,J"]
[PlyCount "80"]
[EventDate "1988.08.??"]
[EventType "match"]
[EventRounds "5"]
[EventCountry "ENG"]
[SourceTitle "Candidates"]
[Source "ChessBase"]
[SourceDate "1999.07.01"]
[SourceVersion "2"]
[SourceVersionDate "1999.07.01"]
[SourceQuality "1"]

1. e4 d6 2. d4 g6 3. Nc3 Bg7 4. f4 Nf6 5. Nf3 O-O 6. Be2 c5 7. dxc5 Qa5 8. O-O
Qxc5+ 9. Kh1 Nc6 10. Bd3 (10. Qe1 Bg4 (10... d5 11. e5 Ne4 $13 {Nunn}) 11. Bd3)
(10. Nd2 a5 11. a4 Nb4 12. Nb3 Qb6 13. g4 Bxg4 $1 {Fischer-Kortschnoj, Curacao
1962}) 10... Bg4 11. Qe1 Bxf3 12. Rxf3 Nb4 (12... Nd4 13. Rf1 Qh5 $1 $10) 13.
Be3 Nxd3 14. cxd3 Qb4 $5 {/\ a5-a4-a3} (14... Qa5) 15. Rb1 a5 (15... Rac8 16.
Bxa7 b6 17. Qg1) (15... Rfc8 $5) 16. f5 (16. Bg1 $5 a4 $6 17. a3 Qb3 18. d4 $14
{>>}) 16... Rac8 (16... a4 $5) 17. Bg1 {/\ Qd1} (17. Qd1 $1 {/\ a3} d5 $1 {
[] Nunn} 18. e5 Ng4 19. Nxd5 Nxe3 20. Rxe3 Qc5 21. Qf3 Rfd8 (21... e6 22. fxe6
fxe6 23. Nf6+ Bxf6 (23... Kh8 $5) 24. exf6 Rxf6 25. Qxf6 Qxe3 26. Rf1 $1 $16) (
21... Qc1+ 22. Re1 $16 {Nunn}) (21... gxf5 22. d4 Qc1+ 23. Re1 Qg5 24. Qxf5 $16
{Nunn}) 22. Nxe7+ $1 Qxe7 23. f6 Qe6 (23... Qb4 24. fxg7 Qxb2 $2 25. Rf1 $18)
24. fxg7 Qxa2 25. Rf1 {/\ e6} Qe6 26. Qf6 Re8 27. Ref3 (27. Qg5 Rc2 28. h3 {
/\ <<f6>>}) 27... Qxf6 28. exf6 Rc2 29. h3 $16 Ree2 $6 30. Rf4 Rxg2 31. Re1 $18
{Nunn}) (17. Qh4 a4 (17... Rxc3 18. Bd2 Rfc8 19. Qe1 $18) 18. Rh3 {/\ Nd5} h5
$13) 17... a4 (17... e6 {/\ ef, <<fe8} 18. a3 (18. Qd1 $1) (18. fxe6 fxe6 19.
a3 Qb3 20. d4 Nh5 $17 {Seirawan}) 18... Qb3 19. d4 {/\ e5, f6}) 18. a3 Qb3 (
18... Qa5 $2 19. Nd5 {Nunn}) 19. Bd4 (19. d4 Qc4 (19... Qc2 $5) 20. Rd1 Rfd8
21. Qh4 b5 $13 {Nunn}) 19... e6 $5 (19... e5 $5 20. Bf2 (20. Be3 d5 21. exd5
Nxd5 22. Nxd5 Qxd5 23. f6 Bh8 $13) 20... d5 21. exd5 (21. Bh4 d4 22. Bxf6 dxc3
23. Bxg7 Kxg7 24. f6+ Kh8 25. bxc3 Qxc3 26. Qe3 Rg8 $13) 21... Nxd5 22. Ne4 $14
{Nunn}) (19... b5 20. Bxf6 Bxf6 21. Nd5 Kg7) 20. Qg1 $6 {Nunn} (20. Qf1 {! Nunn
} e5 (20... Nxe4 $2 21. Bxg7 $1 (21. dxe4 Bxd4 22. Nd5 exd5 $1 $13) 21... Nd2
22. Qc1 $1 Nxb1 23. Qh6 Nxc3 (23... Rxc3 24. Rf1 $18 {Nunn}) 24. Rf1 $1 (24. h3
$2 Qd1+ 25. Kh2 Ne2 $1) 24... Nd5 25. Bh8 $3 Kxh8 26. fxg6 Nf6 27. g7+ Kg8 28.
gxf8=Q+ Rxf8 29. Qg5+ Kh8 30. Qxf6+ Kg8 31. h3 Qxd3 (31... Qd5 $5) 32. Rf3 Qg6
33. Qc3 $1 Qb1+ 34. Kh2 e5 35. Qc7 $1 {/\ 36.Qe7+-}) 21. Be3 (21. Bf2 d5 22.
exd5 Nxd5 23. Ne4 $16 {Nunn}) 21... d5 22. Bg5 $6 d4) (20. Qh4 $2 e5 {/\ <<c3})
20... b5 21. g4 Nxg4 $1 (21... h6 22. h4 Nxg4 23. f6 Nxf6 24. Bxf6 Bxf6 25.
Rxf6 {/\ <<g6 Nunn}) (21... e5 22. Ba7 $1 Nxg4 23. Nd5 $16 {Nunn}) 22. f6 (22.
Bxg7 Kxg7 23. Qxg4 Rxc3 24. f6+ (24. fxe6 Rc7) (24. Qh3 exf5 25. exf5 Rc5 $1)
24... Kh8 25. Qh3 (25. Rh3 Rxd3 26. Rxh7+ Kxh7 27. Qh4+ Kg8 28. Qh6 Rd1+ 29.
Rxd1 Qf3+ 30. Kg1 Qxf6 $19) (25. Qg5 Rxd3 26. Qh6 Rg8 $19 {Nunn}) 25... Rc5 $1
(25... h5 $5 26. Qg3 Rfc8 27. Qg5 Kh7 28. Rh3 $18) 26. Qh6 (26. d4 Qc2) 26...
Rg8 27. Rh3 Rh5 28. Rxh5 gxh5 29. Rg1 Rxg1+ 30. Kxg1 Qd1+ $10 {Short}) 22...
Nxf6 (22... Bxf6 $4 23. Rxf6 $18) 23. Bxf6 (23. Rxf6 e5) 23... Bxf6 24. Rxf6 b4
25. axb4 a3 26. Qd1 Qxb4 27. Rf2 (27. Qa4 Qb6 $1 28. Qxa3 (28. bxa3 Qe3 $1 $19
(28... Qd8 29. Qd4 e5 $19)) 28... Ra8 $1 29. Na4 Qd4 $1 $19) 27... axb2 (27...
Qd4 28. Rc2 $1 axb2 29. Ne2 $1 Qe3 30. Rcxb2 $14 {Nunn}) 28. Na2 Qd4 29. Rfxb2
d5 {Nunn} 30. Rb4 $6 (30. Qf3 dxe4 31. Qxe4 (31. dxe4 $5) 31... Rfd8 32. Qxd4
Rxd4 33. Rb8 Rxb8 34. Rxb8+ Kg7 $10) (30. Qe2) 30... Qa7 31. Nc1 $138 {?! Nunn}
(31. Ra4 {Nunn}) 31... dxe4 32. dxe4 $4 (32. Rxe4 Qa8 $10) 32... Qe3 {! -/+
Nunn} 33. Qg1 {? Nunn} (33. Nd3) (33. Nb3 Rfd8 34. Qf1 Rc2 35. Re1 $16 {Nunn})
33... Qf3+ {-+ Nunn} 34. Qg2 Qd1+ 35. Qg1 Rfd8 {/\ Qg1, <<d1} 36. Nb3 Qf3+ 37.
Qg2 Rd1+ 38. Rxd1 Qxd1+ 39. Qg1 Qe2 40. h3 (40. Qa1 e5 $1 41. Kg1 Rd8 $1 $19 (
41... Qg4+ 42. Kh1 Qf3+ 43. Kg1 Rc2 44. Rb8+ Kg7 45. Qxe5+ Kh6 $19 {Nunn}))
40... Rc2 0-1

[Event "Cannes masters k.o."]
[Site "Cannes"]
[Date "2000.02.21"]
[Round "3.2"]
[White "Vaisser, Anatoli"]
[Black "Palac, Mladen"]
[Result "1-0"]
[WhiteElo "2549"]
[BlackElo "2570"]
[Annotator "Oratovsky,M"]
[PlyCount "55"]
[EventDate "2000.02.19"]
[EventType "k.o."]
[EventRounds "5"]
[EventCountry "FRA"]
[SourceTitle "CBM 076"]
[Source "ChessBase"]
[SourceDate "2000.05.31"]
[SourceVersion "1"]
[SourceVersionDate "2000.05.31"]
[SourceQuality "1"]

1. d4 d6 2. e4 Nf6 3. Nc3 g6 4. f4 Bg7 5. Nf3 O-O 6. e5 Nfd7 (6... dxe5 $5 7.
dxe5 Qxd1+ 8. Kxd1 Nh5 9. Bc4 Nc6 10. Be3 Bg4 11. Be2 Rad8+ $132 {[%cal Gf7f6]
Redgard-Schussler,H/BRD 19/(167) 1974}) 7. h4 c5 8. h5 (8. e6 $5 fxe6 9. h5
gxh5 10. Rxh5 Nf6 11. Rh4 cxd4 12. Nxd4 Nc6 $15 {Bjarnason,S-Sigurpalsson,R/
ISL-ch Reykjavik/1995/ (22)}) 8... cxd4 9. Qxd4 (9. hxg6 $6 dxc3 10. gxf7+ Rxf7
11. Bc4 (11. e6 $5 $13) 11... e6 12. Ng5 Nf8 $5 13. Nxf7 Kxf7 14. Qh5+ Kg8 15.
f5 Qa5 $1 $17 {Bochinski,S-Hoffmann,He/2.BLO 9394/1994/ (23)}) 9... dxe5 (9...
Nc6 10. Qf2 Re8 {[%cal Gd7f8]} 11. hxg6 hxg6 12. e6 $1 fxe6 13. Bd3 $36 {
[%csl Rg6] Hector,J-Johansen,O/Gausdal Peer-Gynt/1990/ 1-0 (20)}) 10. Qf2 (10.
fxe5 Nxe5 11. Qh4 Nxf3+ 12. gxf3 Bf5 13. hxg6 Bxg6 14. Bd3 h5 (14... Bxc3+ 15.
bxc3 Bxd3 16. cxd3 Qxd3 {looks very dangerouse for black}) 15. Be3 Nc6 16.
O-O-O Qa5 $15 {Sax,R-Szpisjak,S/Mid-America Class op 1995 0-1 (31)}) 10... exf4
{critical position.Other continuations are:} (10... e6 11. hxg6 fxg6 {now the
danger for Black's K will be the same as after the better 11...hxg6, and
moreover the e6 and h7 pawns will be vulnerable.} (11... hxg6 12. Ng5 Re8 $5
13. Bd3 Qe7 14. Qh4 Nf8 15. fxe5 Nc6 $1 16. Bf4 Nxe5 17. O-O-O Bd7 18. Bxe5
Bxe5 19. Rdf1 f5 20. Nf3 Qxh4 21. Rxh4 Bf6 22. Rb4 Bc6 $17 {Viksni,I-Fridmans,
D/Riga/1994/}) 12. Qg3 exf4 (12... Nc6 13. Qh3 $16 Nf6 {Mowsziszian} 14. fxe5
Nh5 15. g4 $14) 13. Bxf4 Qf6 (13... Rxf4 14. Qxf4 Nf8 (14... Nc6 15. Ng5 $18)
15. Bd3 Nc6 (15... Bxc3+ 16. bxc3 Qa5 17. Ne5 $18) 16. O-O-O Qf6 {Even being
an exchange down, Black must force the Q off, as White still retains good
attacking chances.} (16... Qe7 17. Ne4 $36) (16... Bxc3 {Mowsziszian} 17. bxc3
Qa5 18. Ng5 Qa3+ 19. Kb1 Qe7 20. Rdf1 $40) 17. Qxf6 Bxf6 18. Ne4 $16 {_|_} Be7
19. c3 (19. g4 $5 {[%csl Rh7][%cal Yg4g5] /\g5,><h7}) 19... Kg7 20. b4 a6 (
20... Bd7 21. b5 Na5 22. Ne5 $18) 21. Rhe1 h6 22. Kb2 Bd7 23. a4 {|^[+],<<} g5
$2 {[%csl Rg6,Rh5] ׻ The decisive weakening, which eases White's task.} (23...
Be8 $142 $16) 24. Ng3 Be8 (24... Re8 25. Nh5+ Kg8 26. b5 {[%cal Rf3e5] /\Ne5+-}
) 25. b5 axb5 26. axb5 Nd8 27. Nf5+ $18 Kf6 (27... exf5 28. Rxe7+ Bf7 29. Rd7
$5 $18 {[%cal Rd3f5,Rf3e5] /\Bf5,Ne5}) 28. Nxe7 Kxe7 29. Nd4 Kf6 30. Re3 Bf7 (
30... Nf7 31. Rf1+ Ke7 32. Nf5+ Kd7 33. Nxh6 $18) 31. Bc4 Kg7 32. Bb3 {[%csl
Rb7,Re6] ק} g4 33. g3 Rc8 34. Ka3 h5 35. Kb4 Kg6 36. Ne2 Kg5 $2 {Loses a
piece, but Black's position was hopeless anyway.} 37. Red3 {[%csl Rd8] פd8
1-0 Vokac,M-Votava,J/Lazne Bohdanec 1996}) (13... Nc6 {Mowsziszian: !?} 14.
O-O-O $36 {Stohl}) (13... Bxc3+ 14. bxc3 Qf6 15. Bd2 $16 {[%csl Rg7,Rg8,Rh6]
><g7,h6,Kg8}) 14. Bg5 Qf7 15. Bc4 $40 {[%csl Re6,Rh7] 1-0 Osterman,G-Nouro,M/
FIN-chT I Division-B 1996 (23)}) (10... e4 {Recommended by theory, but if
White doesn't go for a direct attack with 11.Ng5?!, he keeps some advantage
due to his better pawn structure.} 11. Nxe4 Nf6 12. Nxf6+ exf6 13. hxg6 Re8+
14. Be3 hxg6 15. Bd3 Qa5+ 16. c3 Bg4 17. O-O $14 {Banas,J-Kindermann,S/Trnava/
1987 (23)}) (10... Nf6 11. hxg6 fxg6 12. fxe5 Ng4 13. Bc4+ e6 14. Qg3 $16 {
Hector,J-Polihroniade,E/Palma GMA-op/1989/ (20)}) 11. hxg6 hxg6 (11... fxg6 12.
Rxh7 $5 Nf6 13. Rh1 Qc7 14. Qh4 Nh5 $13 {Velema,S-Houben,J/NLD-chU20 1997/0-1 
(72)}) 12. Qh4 Nf6 13. Bxf4 Qa5 14. Bb5 $1 (14. O-O-O Qh5 $1 {after queens
exchange for white much more difficult to prove an initiative for sacrificed
pawn.}) 14... Qb4 (14... a6 15. Bh6 Nh5 16. Bxg7 Kxg7 17. g4 $16) 15. a3 Qxb2
16. Be5 Rd8 ({doesn't work} 16... Qxa1+ 17. Nd1 g5 18. Qh2 Qxa3 19. Bxf6 Qb4+ {
[%cal Gb4e4]} 20. Kf2 $18 {[%cal Gh2h7,Gh2h8]}) 17. Nd5 Qxe5+ 18. Nxe5 Rxd5 {
[%tqu "En","","","","e5g6","",5]} 19. Nxg6 $1 $16 {[%mdl 64]} Rxb5 20. O-O-O ({
not good for white is} 20. Nxe7+ $2 Kf8 21. Nxc8 Nc6 $1 $17 {[%csl Gb4,Rc8]
[%cal Gb5h5] and 3 light pieces stronger than white queen.}) 20... Bd7 ({
other possibility is} 20... Nc6 21. Nxe7+ Kf8 $8 22. Nxc6 bxc6 23. Rd8+ Ke7 24.
Qd4 $1 (24. Rg8 $6 Bh6+ 25. Qxh6 Nxg8 26. Qxc6 Rab8 $13) 24... Rd5 25. Rxd5
cxd5 26. Qc5+ $16 {due to unsafed position of the king and discoordination
between black pieces ,black's position is very dangerouse.}) 21. Nxe7+ Kf8 22.
Nd5 $1 {[%mdl 64]} Nxd5 23. Qd8+ Be8 24. Rxd5 Bb2+ ({after} 24... Rxd5 25. Qxd5
Nc6 {[%cal Gg7e5,Ga8d8] black has defendible position}) 25. Kd2 Nd7 26. Qg5 Bf6
$4 (26... Rxd5+ 27. Qxd5 $14) 27. Qh6+ $18 Bg7 28. Qd6+ 1-0

[Event "Qingdao Daily Cup"]
[Site "Qingdao"]
[Date "1999.10.18"]
[Round "1"]
[White "Wang, Shuo"]
[Black "Ye, Jiangchuan"]
[Result "0-1"]
[WhiteElo "2411"]
[BlackElo "2593"]
[Annotator "Oratovsky,M"]
[PlyCount "48"]
[EventDate "1999.10.18"]
[EventType "tourn"]
[EventRounds "9"]
[EventCountry "CHN"]
[EventCategory "10"]
[SourceTitle "CBM 074"]
[Source "ChessBase"]
[SourceDate "2000.02.01"]
[SourceVersion "1"]
[SourceVersionDate "2000.02.01"]
[SourceQuality "1"]

1. e4 d6 2. d4 Nf6 3. Nc3 g6 4. f4 Bg7 5. Nf3 O-O 6. Be3 b6 7. Qd2 (7. Bc4 c5 (
7... Nxe4 8. Nxe4 d5 9. Bd3 dxe4 10. Bxe4 c6 11. Ne5 $14 {[%cal Gd1f3]}) 8. Qe2
Nxe4 $5 9. Nxe4 d5 10. Bd3 c4 11. Bxc4 dxc4 12. Ne5 (12. Qxc4 $5) 12... Bb7 13.
Nc3 Nd7 14. O-O-O Nf6 $13 {Bologan,V-Ponomarev,R}) 7... Bb7 8. Bd3 Na6 $5 $146
{[%csl Re4][%cal Ga6b4,Yc7c5] it's more flexible than} (8... c5 9. d5 Na6 10.
Qe2 Nc7 11. a4 e6 12. dxe6 fxe6 $132 {Senador,E-Urban,K/Erevan olm 1996/0-1 
(44)}) (8... a6 9. a4 e6 10. h3 c5 11. O-O Nbd7 12. f5 $6 gxf5 13. exf5 cxd4
14. Nxd4 e5 15. Nb3 d5 $15 {0-1 Kotan,L-Sturua,Z/Cappelle op 1996 (40)}) 9. e5
Ng4 10. Bg1 c5 $36 {[%csl Rd4,Re5][%cal Gd6e5,Gc5d4] breaking whites pawn
centre} 11. h3 (11. O-O-O cxd4 12. Bxd4 dxe5 13. Bxe5 Nxe5 14. Nxe5 Nc5 15. Bc4
e6 $15) 11... cxd4 12. Bxd4 dxe5 13. Bxe5 ({Losing by forse} 13. fxe5 Bxf3 14.
Bxa6 Bh6 15. Qd3 Bxg2 16. Rg1 {[%tqu "En","","","","g4h2","",10]} Nh2 $1 {
[%cal Rh2f3]} 17. Rxg2 Qxd4 18. Rxh2 (18. Qxd4 Nf3+ $19) 18... Qg1+ $19) 13...
Nxe5 14. Nxe5 Nc5 $17 {^^Pair of the strong bishops in the open position and
development advantage makes blacks position clear better.} 15. O-O-O Qc7 16.
Nb5 Nxd3+ 17. Qxd3 Qc5 18. Nd7 $2 {losing immedeatly,but there is no good
advice for white.} Qb4 $19 {[%cal Rb4b2,Rb4f4]} 19. Qb3 Qxf4+ 20. Kb1 Bxg2 21.
Rhg1 (21. Nxf8 Bxh1 22. Ne6 Qf3 $19) 21... Rfd8 22. Rxg2 Rxd7 23. Rgg1 Rad8 24.
c3 Qf5+ {[%csl Rb5][%cal Rf5b5]} 0-1

[Event "ARM-ch"]
[Site "Yerevan"]
[Date "1999.10.20"]
[Round "5"]
[White "Yegiazarian, Arsen"]
[Black "Minasian, Artashes"]
[Result "1-0"]
[WhiteElo "2504"]
[BlackElo "2600"]
[Annotator "Oratovsky,M"]
[PlyCount "67"]
[EventDate "1999.10.16"]
[EventType "tourn"]
[EventRounds "11"]
[EventCountry "ARM"]
[EventCategory "10"]
[SourceTitle "CBM 074"]
[Source "ChessBase"]
[SourceDate "2000.02.01"]
[SourceVersion "1"]
[SourceVersionDate "2000.02.01"]
[SourceQuality "1"]

1. e4 d6 2. d4 Nf6 3. Nc3 g6 4. f4 Bg7 5. Nf3 O-O 6. Bd3 Nc6 7. O-O Bg4 8. e5
dxe5 9. dxe5 Nd5 10. h3 (10. Qe1 {[%cal Ge1h4]} Ndb4 11. Be4 f5 12. Bxc6 (12.
exf6 exf6 13. a3 f5 14. axb4 fxe4 15. Qxe4 Re8 $44) 12... Nxc6 13. Be3 Bxf3 14.
Rxf3 e6 $11 {Ljubojevic,L-Timman,J/KRO m 1987 (24)}) 10... Nxc3 11. bxc3 Bf5
12. Qe2 (12. Be3 Qd7 13. Qe2 Rfd8 14. Rad1 Bxd3 15. cxd3 {[%cal Gd3d4,Gc3c4]}
b5 16. Bc5 e6 17. Ng5 $14 {[%csl Gc5,Gf6][%cal Gg5e4] 1/2-1/2 Hellers,
F-Ftacnik,L/Haninge 1989 (27)}) 12... Qd5 ({it wasn't necessary to improve
white's pawn structure after} 12... Bxd3 $6 13. cxd3 Qd7 14. Be3 b6 15. Rad1 e6
16. d4 Ne7 17. c4 Rad8 18. Rd2 Qa4 19. Rfd1 c6 20. Ng5 b5 21. Ne4 Nc8 22. d5 $1
cxd5 23. cxd5 exd5 24. Nc3 $16 {Podoba,M-Pinter,P/SVK-chT1W 9798 1997 1-0 (42)}
) 13. Be3 (13. c4 Bxd3 14. cxd3 Nd4 15. Nxd4 Qxd4+ 16. Be3 Qd7 17. Rad1 f6 18.
d4 a6 {[%csl Gd5][%cal Gb7b5]} 19. Bf2 {[%csl Rg7][%cal Ge5e6,Yf4f5]} fxe5 20.
fxe5 b5 21. e6 Qc6 22. cxb5 $6 {after this move black gets counterplay on "a"
file.} (22. Rc1 $5 $14 {[%cal Gd4d5]}) 22... axb5 23. d5 Qc4 $132 {Spal,
M-Illetsko,J/CZE-chT1b 1995 (65)}) 13... Qa5 14. Bxf5 gxf5 15. Qc4 {[%csl Gc4]}
e6 16. Rab1 Rab8 17. Rfd1 $14 {Despite of breaking pawn structure on the
queenside white stands better:control over open "b" and "d" files and
promising initiative on kingside after g4.} h6 (17... Qa6 18. Qxa6 bxa6 19. Bc5
Rfe8 20. Nd4 $14 {[%csl Gc5,Rg7]}) 18. g4 $1 $40 fxg4 19. hxg4 Qa6 20. Qe4 {
[%cal Gf4f5,Gf5f6]} Rfd8 21. f5 exf5 22. gxf5 Rxd1+ 23. Rxd1 Re8 24. e6 $1 $18
Kh8 (24... Qxa2 25. Rd7 fxe6 26. f6 $18) (24... fxe6 25. f6 $18) 25. Rd7 Qe2
26. Rd2 Qb5 27. Rh2 Ne5 28. Bxh6 ({Other possibility is} 28. Nxe5 $5 Qxe5 (
28... Bxe5 29. Rxh6+ Kg8 $8 30. f6 $18) 29. Rxh6+ Kg8 30. exf7+ Kxf7 31. Qc4+
Kf8 32. Bc5+ $18) 28... Nxf3+ 29. Qxf3 Bxh6 30. Rxh6+ Kg7 {[%tqu "En","","","",
"h6h7","",10]} 31. Rh7+ $1 Kxh7 32. Qh5+ Kg7 {or completely hopeless pawn
endgame after} ({After} 32... Kg8 33. exf7+ Kf8 34. fxe8=Q+ Qxe8 35. Qxe8+ Kxe8
36. Kf2 Kf7 37. Kf3 Kf6 38. Kf4 $18 {black finds himself in losing endgame.})
33. f6+ $1 {[%cal Gh5b5]} Kxf6 34. Qxb5 1-0

[Event "Hotel Agro GM"]
[Site "Budapest"]
[Date "1999.08.01"]
[Round "3"]
[White "Wittmann, Walter"]
[Black "Ovsejevitsch, Sergei"]
[Result "0-1"]
[WhiteElo "2364"]
[BlackElo "2515"]
[Annotator "Oratovsky,M"]
[PlyCount "71"]
[EventDate "1999.08.05"]
[EventType "tourn"]
[EventRounds "9"]
[EventCountry "HUN"]
[EventCategory "10"]
[SourceTitle "CBM 073"]
[Source "ChessBase"]
[SourceDate "1999.12.01"]
[SourceVersion "1"]
[SourceVersionDate "1999.12.01"]
[SourceQuality "1"]

1. e4 g6 2. d4 Bg7 3. Nc3 d6 4. f4 Nc6 5. Be3 Nf6 6. Be2 O-O 7. Nf3 e6 8. Qd2
Ne7 9. Ng5 $5 {The main idea of this strange move is to protect (after Nh3-f2
and Bf3) the only vulnerable pawn in the strong white centre - pawn e4.Other
continuations are:} (9. e5 Nfd5 10. Nxd5 Nxd5 11. Bf2 Bh6 $6 12. g3 b6 13. h4
$16 {[%csl Rh6][%cal Gh4h5]}) (9. O-O-O b6 10. e5 Nfd5 11. Nxd5 Nxd5 12. Bf2
Bb7 (12... f6 13. c4 Ne7 14. exf6 Bxf6 15. Rhe1 $16 {[%csl Re6][%cal Gf2h4]
Chandler,M-McNab,C/Redbus KO 1999 1-0 (38)}) 13. h4 f6 14. c4 Ne7 15. exf6 Bxf6
16. h5 b5 17. hxg6 Nxg6 18. Be3 Qd7 $13 {Mikhalchishin,A-Beim,V/Groningen op/
1990/0,5/25/}) (9. h3 b6 10. e5 Nfd5 11. Nxd5 Nxd5 12. Bf2 Bb7 13. O-O-O Bh6
14. g3 dxe5 15. dxe5 Nxf4 $6 {tipical in arising position sacrifice.} 16. gxf4
Qxd2+ 17. Kxd2 Bxf4+ 18. Kc3 Bxf3 19. Bxf3 Bxe5+ 20. Bd4 Bxd4+ 21. Rxd4 $14 {
[%cal Gh1d1,Gd4d7] Berelovich,A-McNab,C/MK Cafe op 1998 (40)}) (9. Bf2 b6 10.
e5 Nfd5 11. Ne4 {[%cal Gc2c4]} f5 12. Neg5 h6 13. Nh3 dxe5 14. fxe5 b5 15. Bxb5
g5 16. Nhg1 Rb8 17. Bc4 Ng6 $132 {[%cal Gg5g4] Wahls,M-Belov,I/Wichern-op 1995
(31)}) 9... h6 10. Nh3 b6 11. Nf2 c5 12. Bf3 Bb7 13. O-O-O Qb8 $5 {[%csl Rd6]
[%cal Gf8d8]} ({capturing on d4 makes whites chanses better} 13... cxd4 $6 14.
Bxd4 d5 15. Bxf6 (15. e5 Nd7 16. g4 Nc6 $132 {[%cal Gf7f6]}) 15... Bxf6 16. Ng4
Bg7 17. exd5 Nxd5 18. Nxd5 Bxd5 19. Bxd5 exd5 20. Qxd5 $14 {[%cal Gg4e5] black
has not enough compensation for sacrificed pawn Lutz,K-Buchal,S/Hessen-ch 1994
(25)}) 14. g4 cxd4 15. Bxd4 e5 16. Be3 d5 (16... Rd8 17. g5 hxg5 18. fxg5 Ne8
19. h4 $16 {[%cal Gh4h5]}) 17. fxe5 $6 ({White could get clear better position
after simple} 17. exd5 Rd8 18. fxe5 Nfxd5 (18... Qxe5 $4 19. Bf4 $18 {[%csl
Re5]}) 19. Nxd5 Bxd5 (19... Qxe5 $2 20. Nd3 $18) (19... Nxd5 20. Bxh6 Bxe5 21.
Rhe1 $16) 20. Bxd5 Rxd5 21. Nd3 $16 {[%cal Ge3h6]}) 17... Nxe4 $132 18. Bxe4 (
18. Nfxe4 dxe4 19. Bxe4 Bxe4 20. Nxe4 Qxe5 $15) 18... dxe4 19. Qd6 Nc6 20.
Nfxe4 Nxe5 $15 {[%csl Ge5][%cal Ge5c4,Ge5g4] pair of the strong bishops in
open position and many objects for the attack makes black chanses clearly
better.} 21. Rhg1 Qxd6 22. Nxd6 Bf3 23. Rd4 Rad8 {[%csl Rd4,Rd6,Rg4][%cal
Re5g4]} 24. Ndb5 {In whites position there are too many "hanging" pieces,so
it's very difficult for white to pass arising tactical complications without
losing material.} (24. g5 Ng4 25. Rf4 Nxe3 26. Rxf3 Rxd6 27. Rxe3 hxg5 $17) (
24. h3 Nxg4 $19 {[%cal Gg7d4]}) 24... a6 25. Rxd8 Rxd8 26. Nc7 (26. Na3 b5 $17
{[%csl Ra3][%cal Gb5b4,Ge5g4]}) 26... Nc4 $17 27. Bf4 {[%tqu "En","","","",
"c4b2","",10]} Nxb2 $1 28. Kxb2 Rd4 29. Be3 {Losing by forse but also after} (
29. Bxh6 Bxh6 30. Nxa6 Bxg4 $17 {endgame almost winning for black.} 31. Ne2)
29... Rb4+ 30. Ka3 Bxc3 31. Nxa6 Rb2 {[%csl Ra3][%cal Gf3d5,Gb2a2]} 32. Nc7 ({
Doesn't help} 32. Bd2 Rxc2 33. Bxc3 Rxc3+ 34. Kb2 Re3 $19 {[%csl Rh2][%cal
Ge3e2,Gf3b7]}) 32... b5 33. Rg3 b4+ 34. Ka4 Bc6+ 35. Nb5 Rxa2+ 36. Kb3 {
[%csl Rb3][%cal Rc6d5]} 0-1